000 01000nam a2200229 ar4500
001 3251
005 20221127090717.0
008 130507s su a 00010|ara d
020 _a9789960546506
082 0 4 _a378.007
_bب350
100 1 _aبرو، انجيلا.
245 1 0 _aتجاوز الفصل بين البحث والتعليم /
_cانجيلا برو ؛ ترجمة رفيدا فوزي الخباز ؛ مراجعة عبدالله ابوالكباش.
250 _aط. 1.
260 _aالرياض :
_bمكتبة العبيكان،
_c2009.
300 _a302 ص. :
_bايض. ؛
_c24 سم.
440 0 _aمشروع الترجمة المشترك ؛
_v37.
500 _aترجمة لكتاب: Research and teacjomg / Angela Brew. 2006.
504 _aيتضمن ببليوجرافيا ص275-302.
650 4 _aالتعليم العالي
_xطرق البحث.
650 4 _aالجامعات والكليات
_xهيئة التدريس.
700 0 _aالخباز، رفيدة فوزي،
_eمترجم.
999 _c3249
_d3249